000 00878nam a2200241Ia 4500
003 GCL
008 140319s9999 xx 000 0 ara d
040 _aGCL /
_cGCL
082 0 4 _a320.54
_bم د
100 1 _aسعدالدين ابراهيم
245 1 0 _aالدولة القطرية وامكانيات قيام دولة الوحدة العربية /
_cسعدالدين ابراهيم
700 1 _aمنتدى الفكر العربى
700 1 _aفهد الفانك(تحرير)
260 _a[S.N] :
_bمنتدى الفكر العربى ،
_c1989
300 _a156 ص
490 _aسلسلة دراسات الوطن العربى
_v0
650 0 4 _aالعالم العربى
650 0 4 _aالاحوال السياسية
650 0 4 _aالديمقراطية
650 0 4 _aالوحدة العربية
650 0 4 _aالقومية العربية
942 _2ddc
_cBK
999 _c35412
_d35412